Normal view
MARC view
Entry Personal Name
001 - CONTROL NUMBER
- control field: 48416
003 - CONTROL NUMBER IDENTIFIER
- control field: OSt
005 - DATE AND TIME OF LATEST TRANSACTION
- control field: 20241018164909.0
008 - FIXED-LENGTH DATA ELEMENTS
- fixed length control field: 241018|| aca||aabn | a|a d
040 ## - CATALOGING SOURCE
- Original cataloging agency: OSt
- Transcribing agency: OSt
100 ## - HEADING--PERSONAL NAME
- Personal name: Aikins, Stephen Kwamena
670 ## - SOURCE DATA FOUND
- Source citation: Work cat.: (OSt)525027: Aikins, Stephen Kwamena , Effects of intergovernmental revenue on local government draw on fiscal reserves: Evidence from Covid-19 fiscal stress
